| 000 | 00853nas a2200301 4500 | ||
|---|---|---|---|
| 001 | BR9510165 | ||
| 003 | BR-BrBNA | ||
| 005 | 20231205095543.0 | ||
| 007 | ta | ||
| 008 | 230509b bl.|||p| |||| 00| 00por d | ||
| 040 |
_aBR-BrBNA _bpor _cBiblioteca Nacional de Agricultura |
||
| 041 | _a(Pt) | ||
| 072 | _aL51 | ||
| 100 | 1 | _aTambara, A.A.C. | |
| 100 | 1 | _aOlivo, C.J. | |
| 100 | 1 | _aPires, M.B.G. | |
| 100 | 1 | _aSanches, L.M.B. | |
| 245 | 1 | _aAvaliacao in vivo da digestibilidade da casca do grao de soja moida com ovinos | |
| 650 | _aOvino | ||
| 650 | _aCasca | ||
| 650 | _aSoja | ||
| 650 | _aSubproduto | ||
| 650 | _aDigestibilidade | ||
| 650 | _aValor Nutritivo | ||
| 773 | 0 |
_tCiencia Rural (Brazil) _xISSN 0103-8478 _g(May-Aug 1995), v. 25(2) p. 283-287 _wBR9510165 |
|
| 909 |
_a202311 _bLúcia _c55 _dLúcia Elande |
||
| 942 |
_2AGRIS _n0 _cANA |
||
| 999 |
_c151332 _d151332 |
||